| 000 | 02166cam a22004694i 4500 | ||
|---|---|---|---|
| 003 | PE-LiUPU | ||
| 005 | 20250731173014.0 | ||
| 008 | 150623s r 000 0 d | ||
| 020 | _a0195126394 | ||
| 035 | _a(Sirsi) i9780195126396 | ||
| 040 |
_aPE-LiUPU _bspa _cPE-LiUPU _erda |
||
| 049 | _aPRUA | ||
| 082 | 0 | 4 |
_a225.61 _bE32 _221 |
| 100 | 1 |
_aEhrman, Bart D., _eautor. |
|
| 245 | 1 | 4 |
_aThe New Testamnet: aa historical introduction to the early Christians writings / _cBart D. Ehrman. |
| 264 | 1 |
_aNew York, NY : _bOxford University Press, _c2000. |
|
| 300 |
_a465 páginas : _bilustraciones láms., fotos., mapas ; _c24 centímetros |
||
| 336 |
_atext _2rdacontent |
||
| 337 |
_aunmediated _2rdamedia |
||
| 338 |
_avolume _2rdacarrier |
||
| 500 | _aGlosario: p.451-460. | ||
| 504 | _aIncluye bibliografía. | ||
| 505 | 0 | _aWhat is the New Testament? The early Christians and their literature. -The world of early Christian traditions. -The traditions of Jesus in their Greco-Roman context. -The cristian gospels: a literary and historical introduction. -Jesus, the suffering son of God: the gospel according to mark. -The synoptic problem and its significance for interpretation. -Jesus, the Jewish Messiah: the gospel according to matthew. -Jesus, the savior of the world: the gospel according to Luke. -Christians and christians: James, the didache, polycarp, 1 Clement, Jude and 2 Peter. -Christians and the cosmos. -Epilogue: do we have oroginal New Testament?. | |
| 526 | _aSEG42 | ||
| 526 | _aSEG41 | ||
| 526 | _aSEG40 | ||
| 526 | _aSEG39 | ||
| 526 | _aP94 | ||
| 526 | _aP87 | ||
| 526 | _aP86 | ||
| 526 | _aP85 | ||
| 526 | _aP77 | ||
| 526 | _aP76 | ||
| 526 | _aP35 | ||
| 630 |
_aBiblia. _pN.T. _xIntroducciones. |
||
| 942 |
_2ddc _cBOOK |
||
| 949 |
_a225.61 E32 _wDEWEY _c1 _i47256 _lCCODEBUL1 _mBUL _r0 _sY _tBOOK _u2015-6-24 _xTEOLOGIA _PP35 _0COMPRA _o.STAFF. Colección General |
||
| 994 |
_aC0 _bPEPRU |
||
| 596 | _a1 | ||
| 999 |
_a225.61 E32 _wDEWEY _c23800 _i47256 _f2021-11-9 _g5 _lCCODEBUL1 _mBUL _r0 _sY _tBOOK _u2015-6-24 _xTEOLOGIA _PP35 _0COMPRA _o.STAFF. Colección General _d23800 |
||
| 980 |
_81 _gALBERTO SANCHEZ Responsable de Automatización |
||